Approaches to exchange rate policy choices for developing and transition economies
Guardado en:
| Autor Corporativo: | |
|---|---|
| Otros Autores: | , |
| Formato: | Libro |
| Lenguaje: | inglés |
| Publicado: |
Washington, D.C.
IMF
1994
|
| Materias: | |
| Etiquetas: |
Sin Etiquetas, Sea el primero en etiquetar este registro!
|
MARC
| LEADER | 00000nam$a2200000$$$4500 | ||
|---|---|---|---|
| 001 | 0011263 | ||
| 005 | 20240104132639.8 | ||
| 020 | |a 1-55775-364-4 | ||
| 041 | 0 | |a eng | |
| 044 | |a US | ||
| 245 | 1 | 0 | |a Approaches to exchange rate policy |b choices for developing and transition economies |c editors Richard C. Barth, Chorng-Huey Wong |
| 264 | 1 | |a Washington, D.C. |b IMF |c 1994 | |
| 300 | |a 298 s. | ||
| 610 | 2 | 0 | |a politika devízová |
| 610 | 2 | 0 | |a devízy |
| 610 | 2 | 0 | |a krajiny rozvojové |
| 610 | 2 | 0 | |a valuty |
| 610 | 2 | 0 | |a SVE |
| 610 | 2 | 0 | |a únie menové |
| 610 | 2 | 0 | |a porovnanie medzinárodné |
| 700 | 1 | |a Barth, Richard C. | |
| 700 | 1 | |a Wong, Chorng-Huey | |
| 110 | 2 | |a Seminar on exchange rate policies in developing and transition economies | |